[Event "XXV OOM - Mistrzostwa Polski Juniorow Mlodszych - Dziewczeta do lat 12"]
[Site "Sielpia"]
[Date "1899-12-30"]
[Round "9.13"]
[White "Jedrzejewska, Zuzanna"]
[Black "Pastuszko, Katarzyna"]
[Result "1/2-1/2"]
[WhiteTitle "I"]
[BlackTitle "I"]
[WhiteElo "1236"]
[BlackElo "1288"]

1. d4 Nf6 2. c4 g6 3. Nc3 Bg7 4. e4 d6 5. f4 O-O 6. Nf3 Nh5 7. Be2 Bh6 8. f5 Bxc1
9. Qxc1 gxf5 10. Qg5+ Ng7 11. e5 dxe5 12. dxe5 e6 13. Qg3 f6 14. exf6 Rxf6 15.
Rd1 Qe7 16. O-O Rg6 17. Qf2 Nc6 18. Qe3 b6 19. Nd5 exd5 20. Qxe7 Nxe7 21. cxd5
Bb7 22. Bc4 Kh8 23. Ne5 Rf6 24. d6 cxd6 25. Nf7+ Kg8 26. Nxd6+ Bd5 27. Bxd5+ Nxd5
28. Rxd5 Raf8 29. Nc4 Rc6 30. Ne3 f4 31. Nd1 Rc2 32. Rf2 Rc1 33. Kf1 Nf5 34. Ke2
Re8+ 35. Kd2 Rxd1+ 36. Kxd1 Ne3+ 37. Kd2 Nxd5 38. Rf3 Kf7 39. Ra3 a5 40. Rh3 Kg6
41. a3 Ne3 42. Rf3 Nxg2 43. Rf2 Ne3 44. Rxf4 b5 45. Rf3 Nc4+ 46. Kc2 Re2+ 47.
Kc3 Nxb2 48. Rg3+ Kf5 49. Rh3 Nd1+ 50. Kd4 Re4+ 51. Kc5 Re5+ 52. Kb6 a4 53. Rxh7
Ne3 54. Rh5+ Kf4 55. Rxe5 Kxe5 56. Kxb5 Nc2 57. Kxa4 Nxa3 58. Kxa3 1/2-1/2

[Event "XXV OOM - Mistrzostwa Polski Juniorow Mlodszych - Dziewczeta do lat 12"]
[Site "Sielpia"]
[Date "1899-12-30"]
[Round "9.14"]
[White "Staniewicz, Adrianna"]
[Black "Gladyszewska, Kinga"]
[Result "1/2-1/2"]
[WhiteTitle "WCM"]
[BlackTitle "I"]
[WhiteElo "1086"]
[BlackElo "1261"]

1. e4 e5 2. Nf3 Nc6 3. Bc4 Nd4 4. c3 Nxf3+ 5. Qxf3 Qf6 6. Qxf6 Nxf6 7. d3 Bc5 8.
h3 h6 9. Nd2 O-O 10. O-O d6 11. Nf3 Bb6 12. Re1 c6 13. Bb3 Re8 14. Kf1 Bc7 15.
Bc2 d5 16. Bd2 dxe4 17. dxe4 Be6 18. Bb3 Bxb3 19. axb3 Bb6 20. Be3 Bxe3 21. Rxe3
a6 22. Rd1 Re7 23. Ke2 Rae8 24. b4 Rc7 25. Nh2 c5 26. bxc5 Rxc5 27. Ng4 Nxg4 28.
hxg4 Rb5 29. Rd2 Rb6 30. f3 Rg6 31. Kf2 1/2-1/2

[Event "XXV OOM - Mistrzostwa Polski Juniorow Mlodszych - Dziewczeta do lat 12"]
[Site "Sielpia"]
[Date "1899-12-30"]
[Round "9.15"]
[White "Giemza, Julia"]
[Black "Filipiak, Magdalena"]
[Result "1-0"]
[WhiteTitle "I"]
[BlackTitle "I"]
[WhiteElo "1244"]
[BlackElo "1181"]

1. d4 d5 2. Nf3 Nf6 3. g3 Bf5 4. Bg2 e6 5. O-O c5 6. Re1 Nc6 7. a3 Be7 8. Nc3 O-O
9. Bg5 cxd4 10. Nxd4 Nxd4 11. Qxd4 Bxc2 12. Rac1 Bf5 13. Red1 a6 14. h3 Rc8 15.
g4 Bg6 16. e3 Rc4 17. Qxc4 dxc4 18. Rxd8 Rxd8 19. Bxb7 a5 20. Na4 Bd3 21. Ba6
Rd6 22. Bb7 Rd7 23. Bc6 Rd6 24. Bf3 Rd7 25. Bf4 Nd5 26. Bg3 f6 27. e4 Nc7 28.
Nb6 Rd4 29. Bxc7 1-0

[Event "XXV OOM - Mistrzostwa Polski Juniorow Mlodszych - Dziewczeta do lat 12"]
[Site "Sielpia"]
[Date "1899-12-30"]
[Round "9.16"]
[White "Sliwicka, Weronika"]
[Black "Romejko, Jagoda"]
[Result "1/2-1/2"]
[WhiteTitle "I"]
[BlackTitle "II+"]
[WhiteElo "1161"]
[BlackElo "1173"]

1. e4 d5 2. exd5 Qxd5 3. Nc3 Qd6 4. d4 Nf6 5. Be3 c6 6. Nf3 Bg4 7. Be2 e6 8. h3
Bh5 9. O-O Nbd7 10. Qd2 Be7 11. a3 Qc7 12. Bf4 Bd6 13. Bxd6 Qxd6 14. Qg5 O-O 15.
Qe3 Nd5 16. Nxd5 exd5 17. Qd3 h6 18. Rfe1 Rfe8 19. Bf1 Nf6 20. Rxe8+ Rxe8 21.
Ne5 Nd7 22. Nxd7 Qxd7 23. Qd2 Qe6 24. Bd3 Bg6 25. Bxg6 Qxg6 26. c3 Qe6 27. Kf1
Kf8 28. Re1 Qxe1+ 29. Qxe1 Rxe1+ 30. Kxe1 Ke7 31. Ke2 Kf6 32. Ke3 Kf5 33. f3 h5
34. b3 f6 35. c4 b6 36. cxd5 cxd5 37. h4 g5 38. g3 b5 39. hxg5 fxg5 40. Kf2 h4
41. Kg2 hxg3 42. Kxg3 a5 43. b4 axb4 44. axb4 Kf6 45. Kg4 Kg6 46. f4 gxf4 47.
Kxf4 Kf6 48. Kg4 Kg6 49. Kf4 Kf6 50. Kg4 1/2-1/2

[Event "XXV OOM - Mistrzostwa Polski Juniorow Mlodszych - Dziewczeta do lat 12"]
[Site "Sielpia"]
[Date "1899-12-30"]
[Round "9.17"]
[White "Janikowska, Wiktoria"]
[Black "Grembocka, Zuzanna"]
[Result "1-0"]
[WhiteTitle "I"]
[BlackTitle "II"]
[WhiteElo "1393"]
[BlackElo "1052"]

1. e4 e5 2. Nf3 Nc6 3. d4 exd4 4. Nxd4 Bc5 5. Be3 Bb6 6. Nf5 Qf6 7. Bxb6 axb6 8.
Nc3 Nge7 9. Nxe7 Nxe7 10. Bd3 O-O 11. O-O d6 12. f4 Ra5 13. f5 Rd8 14. Qe1 Re5
15. g4 d5 16. Qg3 h6 17. h4 d4 18. g5 hxg5 19. hxg5 Qd6 20. Nb5 Rxb5 21. Qxd6
Rxd6 22. Bxb5 c6 23. Bd3 c5 24. Kg2 Kf8 25. Rh1 Bd7 26. Rh8+ Ng8 27. a4 Bc8 28.
a5 bxa5 29. Rxa5 Rc6 30. Ra8 c4 31. Be2 b5 32. Kf2 b4 33. Rb8 b3 34. c3 dxc3 35.
bxc3 f6 36. g6 Rc7 37. Ke3 Rc6 38. Kd4 Rd6+ 39. Kxc4 Rc6+ 40. Kxb3 Rc7 41. Bc4
Rxc4 42. Kxc4 Ke7 43. Rxc8 Nh6 44. Kc5 Ng8 45. Rhxg8 Kd7 46. Ra8 Kc7 47. Ra7#
1-0

[Event "XXV OOM - Mistrzostwa Polski Juniorow Mlodszych - Dziewczeta do lat 12"]
[Site "Sielpia"]
[Date "1899-12-30"]
[Round "9.18"]
[White "Banasiak, Adrianna"]
[Black "Para, Aleksandra"]
[Result "1/2-1/2"]
[WhiteTitle "II+"]
[BlackTitle "II+"]
[WhiteElo "1187"]
[BlackElo "1034"]

1. d4 Nf6 2. Bg5 e6 3. e4 h6 4. Bxf6 Qxf6 5. e5 Qd8 6. Nf3 d6 7. Be2 b6 8. c3 Bb7
9. exd6 Bxd6 10. Nbd2 O-O 11. O-O Nd7 12. Nc4 Be7 13. Nce5 Rc8 14. Qa4 Nxe5 15.
Nxe5 a5 16. Nc6 Bxc6 17. Qxc6 Qd6 18. Qxd6 Bxd6 19. Rfd1 Rfd8 20. g3 Be7 21. Rd3
c5 22. dxc5 Rxd3 23. Bxd3 Bxc5 24. Rd1 Be7 25. Bc2 Kf8 26. Rd7 Rd8 27. Rxd8+ Bxd8
28. Kg2 Ke7 29. Kf3 Kd6 30. Ke4 Bf6 31. f4 Ke7 32. g4 Kd6 33. h3 Kc5 34. Bb3 Kd6
35. f5 Be5 36. fxe6 Bf4 37. Bc2 Bc1 1/2-1/2

[Event "XXV OOM - Mistrzostwa Polski Juniorow Mlodszych - Dziewczeta do lat 12"]
[Site "Sielpia"]
[Date "1899-12-30"]
[Round "9.19"]
[White "Rojek, Paulina"]
[Black "Predkiewicz, Paulina"]
[Result "1-0"]
[WhiteTitle "I"]
[BlackTitle "II+"]
[WhiteElo "1054"]
[BlackElo "1056"]

1. e4 e5 2. d4 exd4 3. Bc4 Nc6 4. Nf3 Nf6 5. O-O Nxe4 6. Re1 d5 7. Bxd5 Qxd5 8.
Nc3 Qa5 9. Nxe4 Be6 10. Neg5 O-O-O 11. Nxe6 fxe6 12. Rxe6 Bd6 13. Bd2 Qh5 14.
h3 Qf5 15. Re1 h6 16. Nh2 Bxh2+ 17. Kxh2 Kb8 18. f3 g5 19. Re4 h5 20. Qe2 Rdg8
21. Re1 a6 22. Kg1 g4 23. Rf4 Qc5 24. fxg4 d3+ 25. Be3 dxe2 26. Bxc5 hxg4 27.
hxg4 Rh4 28. Rxe2 Kc8 29. a3 Rhxg4 30. Rxg4 Rxg4 31. Bf2 Kd7 32. g3 Ne7 33. Kg2
Nf5 34. Kh3 Rg8 35. Be1 c6 36. Re4 b5 37. Bf2 Kd6 38. c3 c5 39. Rf4 Ne7 40. Rf6+
Kd5 41. Rxa6 Nc6 42. Rb6 Na7 43. Rb7 Ra8 44. b3 Kc6 45. Rg7 Nc8 46. Rg8 c4 47.
bxc4 bxc4 48. Rf8 Kd7 49. Rf4 Nd6 50. Bc5 Ra4 51. Rd4 Ra6 52. Bxd6 Rxd6 53. Rxd6+
Kxd6 54. g4 Ke7 55. a4 Kd7 56. g5 Ke8 57. a5 Kd8 58. a6 Kc7 59. g6 Kb6 60. g7
Kxa6 61. g8=Q Ka5 62. Qxc4 Kb6 63. Qb4+ Ka6 64. c4 Ka7 65. c5 Ka8 66. c6 Ka7 67.
Qb7# 1-0

[Event "XXV OOM - Mistrzostwa Polski Juniorow Mlodszych - Dziewczeta do lat 12"]
[Site "Sielpia"]
[Date "1899-12-30"]
[Round "9.20"]
[White "Reszka, Barbara"]
[Black "Krzysztynska, Maria"]
[Result "1-0"]
[WhiteTitle "II"]
[BlackTitle "II"]
[WhiteElo "1157"]
[BlackElo "1029"]

1. e4 e5 2. Nf3 Nc6 3. Bc4 Nf6 4. d4 exd4 5. O-O Bc5 6. e5 d5 7. exf6 dxc4 8. fxg7
Rg8 9. Re1+ Be6 10. Ng5 Qf6 11. Qh5 Nd8 12. Nxe6 Nxe6 13. Qxc5 Qxg7 14. g3 Kd8
15. Qxc4 h5 16. Qd5+ Kc8 17. Qxh5 Rh8 18. Qf5 Kb8 19. Na3 a5 20. Nc4 a4 21. Bd2
Ra6 22. b3 axb3 23. axb3 Rc6 24. h4 Rc5 25. Qf3 Rxh4 26. Kf1 Rh2 27. Bf4 Rch5
28. Ke2 d3+ 29. Qxd3 Nd4+ 30. Kd2 Rxf2+ 31. Kd1 Qg4+ 32. Kc1 Ne2+ 33. Kb2 Rh8
34. Bxc7+ Kc8 35. Ra8+ Kxc7 36. Qd6# Kc8 37. Raa1 Kc7 38. Ra8# 1-0

[Event "XXV OOM - Mistrzostwa Polski Juniorow Mlodszych - Dziewczeta do lat 12"]
[Site "Sielpia"]
[Date "1899-12-30"]
[Round "9.21"]
[White "Pniewska, Beata"]
[Black "Dallemura, Julia"]
[Result "1/2-1/2"]
[WhiteTitle "I"]
[BlackTitle "I"]
[WhiteElo "1176"]
[BlackElo "1200"]

1. e4 e5 2. Nf3 Nc6 3. Bc4 Bc5 4. d3 Nf6 5. O-O O-O 6. c3 a6 7. Bb3 d6 8. Nbd2
h6 9. h3 Ne7 10. Re1 Ng6 11. Nf1 Be6 12. Ng3 Nh7 13. Be3 Ba7 14. d4 Qe7 15. d5
Bd7 16. Rc1 c6 17. c4 Bxe3 18. Rxe3 c5 19. a4 b5 20. cxb5 axb5 21. axb5 Bxb5 22.
Rec3 Qd7 23. Bc4 Bxc4 24. Rxc4 Rfb8 25. Rb1 Nf4 26. Nf5 Nf6 27. Qc2 Ra6 28. b4
cxb4 29. Rcxb4 Rxb4 30. Rxb4 g6 31. Ne7+ Kg7 32. Nc6 Ra8 33. Nd2 Rc8 34. Nb3 N4xd5
35. exd5 Nxd5 36. Rc4 Nb6 37. Rc3 Na4 38. Rc4 Nb6 39. Rc3 Na4 40. Rc4 Nb6 41.
Rc3 1/2-1/2

[Event "XXV OOM - Mistrzostwa Polski Juniorow Mlodszych - Dziewczeta do lat 12"]
[Site "Sielpia"]
[Date "1899-12-30"]
[Round "9.25"]
[White "Wiszniewska, Julia"]
[Black "Prawucka, Zofia"]
[Result "1/2-1/2"]
[WhiteTitle "I"]
[BlackTitle "II"]
[WhiteElo "1082"]
[BlackElo "1088"]

1. e4 c6 2. d4 d5 3. Nc3 dxe4 4. Nxe4 Nd7 5. Bc4 Ngf6 6. Qf3 e6 7. Bg5 Be7 8. O-O-O
Nxe4 9. Bxe7 Qxe7 10. Qxe4 Nb6 11. Bd3 Bd7 12. Nf3 O-O-O 13. Ne5 f6 14. Nf3 Nd5
15. Rhe1 Qd6 16. Kb1 Qf4 17. c4 Qxe4 18. Rxe4 Nb4 19. Re3 Nxd3 20. Rexd3 e5 21.
R3d2 Bf5+ 22. Kc1 exd4 23. Nxd4 Be4 24. f3 Bg6 25. Ne6 Rxd2 26. Rxd2 Re8 27. Nf4
Re1+ 28. Rd1 Rxd1+ 29. Kxd1 Bf7 30. b3 Kd7 31. Kd2 Kd6 32. Ke3 Kc5 33. Nd3+ Kd6
34. Kd4 b6 35. c5+ Kd7 36. g3 Bg6 37. b4 Bxd3 38. Kxd3 g6 39. Kd4 Kc7 40. a4 Kd7
41. Kc4 Ke6 42. b5 Kd7 43. cxb6 axb6 44. Kd4 cxb5 45. axb5 Kd6 46. h4 h6 47. g4
Ke6 48. f4 f5 49. gxf5+ gxf5 50. h5 Kd6 51. Kc4 Ke5 52. Kd4+ 1/2-1/2

[Event "XXV OOM - Mistrzostwa Polski Juniorow Mlodszych - Dziewczeta do lat 12"]
[Site "Sielpia"]
[Date "1899-12-30"]
[Round "9.26"]
[White "Makarec, Anna"]
[Black "Zapalowska, Wiktoria"]
[Result "0-1"]
[WhiteTitle "II+"]
[BlackTitle "II"]
[WhiteElo "1071"]
[BlackElo "1102"]

1. e4 c5 2. b3 Nc6 3. Bb2 d6 4. f4 e5 5. Ne2 exf4 6. Nxf4 Nf6 7. Nc3 a6 8. d3 Be6
9. Nxe6 fxe6 10. Be2 Be7 11. Bg4 Qd7 12. O-O Nxg4 13. Qxg4 b5 14. Qxg7 O-O-O 15.
Rf7 Rdg8 16. Qh6 Rg6 17. Qh3 h5 18. Ne2 Rhh6 19. Nf4 Rg8 20. Nxh5 Rg5 21. Qf3
Rgxh5 22. Bc1 Rh7 23. Rxh7 Rxh7 24. Qg4 Bf6 25. Qg8+ Kb7 26. Rb1 Nd4 27. Bb2 Qg7
28. Qxg7+ Bxg7 29. Bxd4 Bxd4+ 30. Kh1 Be5 31. Rc1 Bxh2 32. Rd1 Kc6 33. c3 d5 34.
exd5+ Kxd5 35. c4+ Kc6 36. cxb5+ Kxb5 37. g4 Kb4 38. Kg2 Be5 39. Re1 Bd4 40. Rxe6
a5 41. g5 Rg7 42. g6 Ka3 43. Kh3 Kxa2 44. Re2+ Kxb3 45. Rg2 a4 46. Kh4 a3 47.
Kh5 a2 48. Kh6 a1=Q 49. Rg4 Qh1+ 50. Kg5 Qd5+ 51. Kh6 Qe5 52. Rg5 Be3 53. d4 Bxg5+
54. Kh5 cxd4 55. Kg4 d3 56. Kh3 d2 57. Kg2 d1=R 58. Kh3 Qe4 59. Kh2 Rd3 60. Kg1
Qe2 61. Kh1 Rd1# 0-1